Weeding and sowing : preface to a science of mathematical education

Αποθηκεύτηκε σε:
Λεπτομέρειες βιβλιογραφικής εγγραφής
Κύριος συγγραφέας: Freudenthal, Hans 1905-
Μορφή: Βιβλίο
Γλώσσα:English
Δημοσίευση: Dordrecht,Holland : D.Reidel Publishing Company, 1978
Θέματα:
Ετικέτες: Προσθήκη ετικέτας
Δεν υπάρχουν, Καταχωρήστε ετικέτα πρώτοι!

MARC

LEADER 00000nam a2200000 i 4500
001 1/85952
008 990708s1978 eng d
020 |a 90-277-0789-8 
035 |l 10051966 
040 |a GR-MY-UA  |b gre  |e aacr 
041 0 |a eng 
082 0 |a 507.1 
100 1 |a Freudenthal, Hans  |d 1905- 
245 1 0 |a Weeding and sowing :  |b preface to a science of mathematical education /  |c Hans Freudenthal 
260 |a Dordrecht,Holland :   |b D.Reidel Publishing Company,   |c 1978 
300 |a 315 p. 
650 0 0 |a Mathematics  |x Study and teaching. 
650 0 0 |a Education. 
650 0 0 |a Science. 
852 |a INST  |b RHODES  |e 19990708  |h 507.1 FRE  |p 005400014975  |q 005400014975  |t BK  |y 0 
901 |a BIBL4-1999-2 
909 |a Ρ  |b 065869 
922 |a 4ΕΛΗ  |b 199905  |c ΚΠΣ/154  |d LEADER 
970 |a ΤΕΡΝΕΖΗΣ  |b ΧΡΗΣΤΟΣ  |z 1999/07/07